Automatic speech recognition on mobile devices and over communication networks / (Record no. 11241)
[ view plain ]
| 000 -LEADER | |
|---|---|
| fixed length control field | 01329cam a22003497a 4500 |
| 001 - CONTROL NUMBER | |
| control field | 15129621 |
| 005 - DATE AND TIME OF LATEST TRANSACTION | |
| control field | 20080501104754.0 |
| 008 - FIXED-LENGTH DATA ELEMENTS--GENERAL INFORMATION | |
| fixed length control field | 080107s2008 enka b 001 0 eng |
| 010 ## - LIBRARY OF CONGRESS CONTROL NUMBER | |
| LC control number | 2008920253 |
| 015 ## - NATIONAL BIBLIOGRAPHY NUMBER | |
| National bibliography number | GBA809366 |
| Source | bnb |
| 016 7# - NATIONAL BIBLIOGRAPHIC AGENCY CONTROL NUMBER | |
| Record control number | 014500739 |
| Source | Uk |
| 020 ## - INTERNATIONAL STANDARD BOOK NUMBER | |
| International Standard Book Number | 9781848001428 (hbk. : acidfree paper) |
| 020 ## - INTERNATIONAL STANDARD BOOK NUMBER | |
| International Standard Book Number | 1848001428 (hbk.) |
| 035 ## - SYSTEM CONTROL NUMBER | |
| System control number | (OCoLC)ocn191244390 |
| 040 ## - CATALOGING SOURCE | |
| Original cataloging agency | UKM |
| Transcribing agency | UKM |
| Modifying agency | BTCTA |
| -- | YDXCP |
| -- | BAKER |
| -- | OHX |
| -- | C#P |
| -- | DLC |
| 042 ## - AUTHENTICATION CODE | |
| Authentication code | lccopycat |
| 050 00 - LIBRARY OF CONGRESS CALL NUMBER | |
| Classification number | TK7895.S65 |
| Item number | A987 2008 |
| 082 04 - DEWEY DECIMAL CLASSIFICATION NUMBER | |
| Classification number | 006.454 |
| Edition number | 22 |
| Item number | AUT |
| 245 00 - TITLE STATEMENT | |
| Title | Automatic speech recognition on mobile devices and over communication networks / |
| Statement of responsibility, etc | [Edited by] Zheng-Hua Tan and Borge Lindberg. |
| 260 ## - PUBLICATION, DISTRIBUTION, ETC. (IMPRINT) | |
| Place of publication, distribution, etc | London : |
| Name of publisher, distributor, etc | Springer, |
| Date of publication, distribution, etc | c2008. |
| 300 ## - PHYSICAL DESCRIPTION | |
| Extent | xx, 401 p. : |
| Other physical details | ill. ; |
| Dimensions | 25 cm. |
| 440 #0 - | |
| -- | Advances in pattern recognition, |
| -- | 1617-7916 |
| -- | 3429 |
| 504 ## - BIBLIOGRAPHY, ETC. NOTE | |
| Bibliography, etc | Includes bibliographical references and index. |
| 650 #0 - SUBJECT ADDED ENTRY--TOPICAL TERM | |
| Topical term or geographic name as entry element | Automatic speech recognition. |
| 9 (RLIN) | 3430 |
| 650 #0 - SUBJECT ADDED ENTRY--TOPICAL TERM | |
| Topical term or geographic name as entry element | Mobile computing. |
| 9 (RLIN) | 3431 |
| 700 1# - ADDED ENTRY--PERSONAL NAME | |
| Personal name | Tan, Zheng-Hua. |
| 9 (RLIN) | 3432 |
| 700 1# - ADDED ENTRY--PERSONAL NAME | |
| Personal name | Lindberg, Borge. |
| 9 (RLIN) | 3433 |
| 942 ## - ADDED ENTRY ELEMENTS (KOHA) | |
| Source of classification or shelving scheme | Dewey Decimal Classification |
| Item type | Book - Borrowing |
| Withdrawn status | Item status | Source of classification or shelving scheme | Damaged status | Not for loan | Vendor | Home library | Current library | Shelving location | Date acquired | Source of acquisition | Cost, normal purchase price | Serial Enumeration / chronology | Total Checkouts | Full call number | Barcode | Date last seen | Koha item type |
|---|---|---|---|---|---|---|---|---|---|---|---|---|---|---|---|---|---|
| Dewey Decimal Classification | Alahram | Central Library | Central Library | Lower Floor | 08/04/2009 | 560.00 | 374 | 006.454 AUT | 000015923 | 15/07/2025 | Book - Borrowing |